000 00616nam a22002177a 4500
003 UA-OsUOA
001 69240
007 ta
008 20100614b un ||||| |||| 00| 0 ukr d
100 _aЯкуба К.І.
090 _a330(477)
_bЯ49
942 _cSA
040 _aUA-OsUOA
_bukr
_cUA-OsUOA
_dUA-OsUOA
245 _aБезробіття селян: економічний і соціальний аспект
300 _aС.107-113
955 _a0
041 _aukr
080 _a330(477)
773 0 _w69232
_tЕкономіка АПК
_dК.
_d2010
_g6
650 7 _a330 Економіка взагалі
_2UDC
999 _c355503
_d355503